000 01176pam a22003494a 4500
001 5335007
003 ARRUPE
005 20131220161936.0
008 040524s2005 enk b 001 0 eng
010 _a 2004051946
020 _a0521552486
035 _a(OCoLC)ocm55534884
035 _a(NNC)5335007
040 _aDLC
_cDLC
_dYDX
041 1 _aeng
_hger
042 _apcc
050 0 4 _aB2758
_b.K36 2005
082 0 0 _a193
_222
100 1 _aKant, Immanuel,
_d1724-1804.
_96415
240 1 0 _aWorks.
_kSelections.
_lEnglish.
_f2005
245 1 0 _aNotes and fragments /
_cedited by Paul Guyer ; translated by Curtis Bowman, Paul Guyer, Frederick Rauscher.
260 _aCambridge, UK ;
_aNew York :
_bCambridge University Press,
_c2005.
300 _axxx, 663 p. ;
_c24 cm.
490 1 _aThe Cambridge edition of the works of Immanuel Kant in translation
504 _aIncludes bibliographical references (p. 545-625) and index.
650 0 _aPhilosophy.
_96416
700 1 _aGuyer, Paul,
_d1948-
_96417
800 1 _aKant, Immanuel,
_d1724-1804.
_tWorks.
_lEnglish.
_f1992.
_96418
942 _2lcc
_cMONOGRAPH
948 2 _a20050909
_ba
_coc2016
_dMPS
999 _c119471
_d119471